Problemas, límites, potencial y mediaciones en la marcha hacia la democracia en América Latina. Parte 2: los proyectos políticos hoy en América Latina /
সংরক্ষণ করুন:
| প্রধান লেখক: | |
|---|---|
| সংস্থা লেখক: | |
| বিন্যাস: | কনফারেন্স প্রসিডিং |
| ট্যাগগুলো: |
ট্যাগ যুক্ত করুন
কোনো ট্যাগ নেই, প্রথমজন হিসাবে ট্যাগ করুন!
|
MARC
| LEADER | 00000 a a2200000 04500 | ||
|---|---|---|---|
| 001 | 45045 | ||
| 003 | |||
| 040 | |||
| 100 | |a Santa Ana, Julio de | ||
| 111 | |a Encuentro de científicos sociales y teólogos sobre el tema "El discernimiento de las utopías", 2 | ||
| 245 | |a Problemas, límites, potencial y mediaciones en la marcha hacia la democracia en América Latina. Parte 2: |b los proyectos políticos hoy en América Latina / |c Julio de Santa Ana | ||
| 773 | |g páginas 179-202 | ||
| 999 | |c 30459 |d 30459 | ||
